|
|
|
|
| LEADER |
00000nam0a2200000 4500 |
| 001 |
271873 |
| 005 |
20231101234458.0 |
| 020 |
|
|
|a RU
|b 87-55453
|
| 035 |
|
|
|a (RuTPU)RU\TPU\book\295076
|
| 090 |
|
|
|a 271873
|
| 100 |
|
|
|a 20141013d1987 m a0rusy5003 ca
|
| 101 |
0 |
|
|a rus
|
| 102 |
|
|
|a RU
|
| 105 |
|
|
|a y j 000zy
|
| 200 |
1 |
|
|a Сборник задач по технико-экономическому и оперативно-производственному планированию машиностроительного предприятия (объединения)
|e учебное пособие для вузов
|f под ред. Г. А. Краюхина
|
| 210 |
|
|
|a Ленинград
|c Машиностроение
|d 1987
|
| 215 |
|
|
|a 156 с.
|c граф.
|
| 225 |
1 |
|
|a Для вузов
|
| 606 |
1 |
|
|a Машиностроительные заводы
|2 stltpush
|3 (RuTPU)RU\TPU\subj\41633
|9 61327
|
| 610 |
1 |
|
|a планирование
|
| 610 |
1 |
|
|a планирование
|
| 610 |
1 |
|
|a задачи
|
| 610 |
1 |
|
|a экономическое планирование
|
| 610 |
1 |
|
|a оперативно-производственное планирование
|
| 675 |
|
|
|a 621.002:658.012(076)
|z rus
|
| 702 |
|
1 |
|a Краюхин
|b Г. А.
|4 340
|
| 801 |
|
0 |
|a RU
|b RuMRKP
|c 19950417
|g psbo
|
| 801 |
|
1 |
|a RU
|b 63413507
|c 20141013
|
| 801 |
|
2 |
|a RU
|b 63413507
|c 20161212
|g RCR
|
| 942 |
|
|
|c BK
|